The history of the decline and fall of the Roman Empire / (Record no. 17504)
[ view plain ]
| 000 -LEADER | |
|---|---|
| fixed length control field | 01195aam a2200337ui 4500 |
| 001 - CONTROL NUMBER | |
| control field | 006718711 |
| 003 - CONTROL NUMBER IDENTIFIER | |
| control field | EG-ScBUE |
| 005 - DATE AND TIME OF LATEST TRANSACTION | |
| control field | 20240325112915.0 |
| 008 - FIXED-LENGTH DATA ELEMENTS--GENERAL INFORMATION | |
| fixed length control field | 960422s1995 enk f b 001 0 eng d |
| 020 ## - INTERNATIONAL STANDARD BOOK NUMBER | |
| International Standard Book Number | 0140433953 (pbk) : |
| 020 ## - INTERNATIONAL STANDARD BOOK NUMBER | |
| International Standard Book Number | 9780140433951 |
| 040 ## - CATALOGING SOURCE | |
| Original cataloging agency | EG-ScBUE |
| Language of cataloging | eng |
| Description conventions | rda |
| Transcribing agency | EG-ScBUE |
| Modifying agency | EG-ScBUE |
| 082 04 - DEWEY DECIMAL CLASSIFICATION NUMBER | |
| Classification number | 937.06 |
| Edition number | 22 |
| Item number | GIB |
| 100 1# - MAIN ENTRY--PERSONAL NAME | |
| Personal name | Gibbon, Edward, |
| Dates associated with a name | 1737-1794, |
| Relator term | author. |
| 9 (RLIN) | 33563 |
| 245 14 - TITLE STATEMENT | |
| Title | The history of the decline and fall of the Roman Empire / |
| Statement of responsibility, etc | Edward Gibbon ; edited by David Womersley. |
| 264 #1 - PUBLICATION, DISTRIBUTION, ETC. (IMPRINT) | |
| Place of publication, distribution, etc | London : |
| Name of publisher, distributor, etc | Penguin Books, |
| Date of publication, distribution, etc | 1995. |
| 300 ## - PHYSICAL DESCRIPTION | |
| Extent | v,1352 pages ; |
| Dimensions | 20 cm. |
| 336 ## - CONTENT TYPE | |
| Source | rdacontent |
| Content type term | text |
| Content type code | txt |
| 337 ## - MEDIA TYPE | |
| Media type term | unmediated |
| Source | rdamedia |
| Media type code | n |
| 338 ## - CARRIER TYPE | |
| Carrier type term | volume |
| Carrier type code | nc |
| Source | rdacarrier |
| 490 0# - SERIES STATEMENT | |
| Series statement | Penguin classics |
| 500 ## - GENERAL NOTE | |
| General note | Originally published as v.5 and v.6 in 6v. set: London : s.n., 1788. |
| 504 ## - BIBLIOGRAPHY, ETC. NOTE | |
| Bibliography, etc | Includes bibliographical references and index.<br/> |
| 505 2# - FORMATTED CONTENTS NOTE | |
| Formatted contents note | Volume 5 -- Volume 6. |
| 651 #7 - SUBJECT ADDED ENTRY--GEOGRAPHIC NAME | |
| Geographic name | Rome |
| General subdivision | History |
| Chronological subdivision | Empire, 30 B.C.-476 A.D. |
| Source of heading or term | BUEsh |
| 9 (RLIN) | 33564 |
| 651 #7 - SUBJECT ADDED ENTRY--GEOGRAPHIC NAME | |
| Geographic name | Byzantine Empire |
| General subdivision | History. |
| Source of heading or term | BUEsh |
| 9 (RLIN) | 33565 |
| 653 1# - INDEX TERM--UNCONTROLLED | |
| Arrived date list | September2013 |
| 655 ## - INDEX TERM--GENRE/FORM | |
| Form subdivision | Reading book |
| 700 1# - ADDED ENTRY--PERSONAL NAME | |
| Personal name | Womersley, David, |
| Relator term | editor. |
| 9 (RLIN) | 33566 |
| 942 ## - ADDED ENTRY ELEMENTS (KOHA) | |
| Source of classification or shelving scheme | Dewey Decimal Classification |
| Koha item type | Book - Borrowing |
| Withdrawn status | Lost status | Source of classification or shelving scheme | Damaged status | Not for loan | Collection code | Home library | Current library | Shelving location | Date acquired | Source of acquisition | Cost, normal purchase price | Serial Enumeration / chronology | Total Checkouts | Full call number | Barcode | Date last seen | Cost, replacement price | Price effective from | Koha item type |
|---|---|---|---|---|---|---|---|---|---|---|---|---|---|---|---|---|---|---|---|
| Dewey Decimal Classification | Baccah | Central Library | Central Library | Second Floor | 04/09/2013 | Purchase | 200.00 | 18079 | 937.06 GIB | 000028826 | 15/07/2025 | 250.00 | 04/09/2013 | Book - Borrowing |